Gaming Quiz

Random Gaming or Video Games Quiz
Score 0/10 Timer 08:00
1 Play Today
Hint Answer % Correct
Well, that's just grand! The FT automatically expects its readers to follow the blog; Aunt Letitia doesn't do t' internet!Grand Theft Auto Gauntlet
84.3%
At Folsom, a riot broke out, after Tim, in 'E', craftily swapped clothes with his visitor, and got as far as the main gate.Mario Minecraft
73.5%
What a line-up! Sid the Snatch, Alf (lifer, if ever I saw one), and 'Lethal' Ozzy Lethbridge.Half-Life Halo
60.1%
The Dewi is port-side, Captain; if Owen thinks he can win, in that pre-war craft of his, he's much mistaken.Wii Sports Warcraft
49.5%
'Stravinsky, Rimsky-Korsakov, Lobachevsky; what's the difference?' muttered Conti. 'Well, for a start, one of them's a mathematician!' Russoni chuckled.Skyrim Sonic
48.6%
I say, crack open a bottle of Petrus, Hero; Bloxham have accepted Lysander; term starts next week!Rush Roblox
46.1%
But he's, I'm sure, not going to like it: leaving Pavarotti out of the sextet risks a meltdown of major proportions.The Sims Tetris
41.5%
I shall have to gen up on Game of Thrones for the quiz: let's see, the Red City was Astapor; Talisa was killed at the Red Wedding, wasn't she?Pong Portal
41.5%
'Hello, ossifer,' Josh slurred, 'I ablosutely am as jober as a sudge!', and without further ado, tackled the constable and brought him crashing to the ground.Diablo Dota
35%
'This is an important mission!' barked the gunnery sergeant. I want no kamikaze heroics, or it'll be game over. Watch your backs, ladies!Ōkami Overwatch
30.4%
Remove Ads.
Support Sporcle.
Get the best of Sporcle when you Go Orange. This ad-free experience offers more features, more stats, and more fun while also helping to support Sporcle. Thank you for becoming a member.

You're not logged in!

Compare scores with friends on all Sporcle quizzes.
OR
Log In

Sporcle TV

Today on Sporcle TV


Watch our educational content, quiz creation guides, and fun videos on Sporcle TV.

Show Comments

Extras

Top Quizzes Today


Score Distribution

Paid Content

Your Account Isn't Verified!

In order to create a playlist on Sporcle, you need to verify the email address you used during registration. Go to your Sporcle Settings to finish the process.

Report this User

Report this user for behavior that violates our Community Guidelines.

Details: